Taschenwörterbuch zum Corpus Juris Civilis den institutionen des Gajus und Anderen Römischen Rechtsquellen
Zapisane w:
| Format: | Książka |
|---|---|
| Język: | niemiecki łaciński |
| Wydane: |
Berlín
J. Schweitzer Verlag
1971
|
| Hasła przedmiotowe: | |
| Etykiety: |
Dodaj etykietę
Nie ma etykietki, Dołącz pierwszą etykiete!
|
MARC
| LEADER | 00000nam a2200000 a 4500 | ||
|---|---|---|---|
| 001 | UCR2645 | ||
| 003 | CL-VaPUC | ||
| 008 | 980112e19710000GW |||||||||||||||||ger|d | ||
| 041 | 0 | 7 | |a ger |2 CL-VaPUC |
| 041 | 0 | 7 | |a lat |2 CL-VaPUC |
| 082 | 0 | 4 | |a 340.5403 |b TAS |2 21 |
| 245 | 1 | 0 | |a Taschenwörterbuch zum Corpus Juris Civilis den institutionen des Gajus und Anderen Römischen Rechtsquellen |
| 300 | |a 170 p | ||
| 942 | |c BK | ||
| 945 | |d 19980112 00:00:00 |a aolguin | ||
| 260 | |a Berlín |b J. Schweitzer Verlag |c 1971 | ||
| 650 | 0 | |a Derecho romano |9 255930 | |
| 650 | 0 | |a Vocabulario |9 345405 | |
| 650 | 7 | |a TERMINOLOGIA |2 CL-VaPUC |9 254881 | |
| 650 | 0 | |a Sinónimos |9 342614 | |
| 650 | 0 | |a Diccionarios |9 256200 | |
| 583 | |a last modification |c 19980112 00:00:00 |k Rodrigo Vera | ||
| 999 | |c 265778 |d 265776 | ||
| 952 | |0 0 |1 0 |4 0 |6 340_540300000000000_TAS_1971 |7 0 |8 DER_ROM |9 296867 |a BIBDER |b BIBDER |d 2019-11-20 |i 1931199 |o 340.5403 TAS 1971 |p 1931199 |r 2023-01-25 |w 2019-11-20 |x Ubicación 4to piso |y BK_X |z Este recurso debe solicitarse con anticipación |k DER | ||